Tilastot visalle Jalkapallon Suomenmestarit

Klikkaa tästä pelataksesi tätä visaa!

Yleistilastot

  • Tätä visaa on pelattu 113 kertaa
  • Keskiarvotulos 76 / 110

Vastaustilastot

VuosiJoukkue% Oikein
1911 | 1912 | 1917 | +26 othersHJK
94%
1956 | 1958 | 1966 | +3 othersKuPS
92%
1928 | 1939 | 1941 | +5 othersTPS
91%
1930 | 1931 | 1933 | +4 othersHIFK
82%
1983Ilves
80%
2008FC Inter
75%
2015SJK
74%
1960 | 1962 | 1965 | +6 othersFC Haka
72%
2005MyPa
65%
2006 | 2007TamU
58%
1945 | 1948VPS
58%
2001Tampere United
57%
1963 | 1967 | 1970Reipas
56%
1979 | 1980OPS
55%
1982 | 1984 | 1986 | +2 othersKuusysi
54%
2016IFK Mariehamn
53%
1951 | 1952KTP
53%
1994TPV
51%
1921 | 1922 | 1926 | +6 othersHPS
44%
1969KPV
44%
1913 | 1915 | 1916 | 1955KIF
40%
1910 | 1920 | 1924ÅIFK
36%
1993 | 1996FC Jazz
36%
1950Ilves-Kissat
33%
1944 | 1946 | 1953VIFK
32%
1908Unitas
28%
1940Sudet
27%
1909PUS
26%
1942HT
23%
1954Pyrkivä
23%

Tulosjakauma

Persentiili vastausten määrän mukaan

Jokaisen tuloksen saaneiden osuus

Tuloshistoriasi

Et ole pelannut tätä visaa